| 000 | 01186nam a2200301 a 4500 | ||
|---|---|---|---|
| 001 | 000027204 | ||
| 003 | DO-SdBNP | ||
| 005 | 20250204092151.0 | ||
| 007 | ta | ||
| 008 | 110330s1971 dr 000 0bspa d | ||
| 040 |
_aDO-SdBNP _bspa _cBNPHU |
||
| 082 | 4 |
_a928.61 _bG887r _222 |
|
| 100 | 1 |
_aRoca Friedheim, Frank _954268 |
|
| 245 | 1 | 0 |
_aAspectos de la vida de Eliseo Grullón / _cFrank Roca Friedheim ; prólogo Julio Jaime Julia. |
| 260 |
_aSanto Domingo : _bAmigo del hogar, _c1971. |
||
| 300 |
_a127 p. ; _c21 cm. |
||
| 500 | _aIncluye referencias bibliográficas y notas al pie de las páginas | ||
| 504 | _aBibliografía: p. 119-122 | ||
| 590 | _a Perteneció a la biblioteca personal de Juan Isidro Jiménes Grullón. | ||
| 590 | _aInventariado, 2020/BT | ||
| 600 | 1 | 4 |
_aGrullón Julia, Eliseo, _d1852-1915 _vCorrespondencias, memorias, etc. _982153 |
| 650 | 4 |
_aAutores dominicanos _vBiografías _954270 |
|
| 651 | 4 |
_aRepública Dominicana _xPolítica y gobierno _y1844-1930 _96961 |
|
| 651 | 4 |
_aRepública Dominicana _vBiografías _91083 |
|
| 700 | 1 |
_aJulia, Julio Jaime _d1922-1993 _epról. _920185 |
|
| 910 | _aValidado. Control de calidad MMOLINA | ||
| 942 |
_2ddc _cLBS1 |
||
| 999 |
_c26696 _d26696 |
||